ثلاث رسائل في إعجاز القرآن: (Record no. 5429)
[ view plain ]
| 000 -الفاتح | |
|---|---|
| حقل البيانات ثابتة الطول | 01725nac a22002531u 4500 |
| 008 - عناصر البيانات ثابتة الطول - معلومات عامة | |
| حقل البيانات ثابتة الطول | 100811s19?? ua||||| |||| 001 0dara d |
| 082 ## - رقم تصنيف ديوى العشرى | |
| رقم التصنيف | 229.7 |
| رقم المادة | ث ل ا |
| 245 ## - بيان العنوان | |
| العنوان | ثلاث رسائل في إعجاز القرآن: |
| بقية العنوان | للرماني والخطابي وعبد القادر الجرجاني : فى الدراسات القرآنية والنقد الادبي / |
| بيان المسئوليه,etc | حمد بن محمد بن إبراهيم الخطابي، عبد القاهر بن عبد الرحمن الجرجاني، علي بن عيسى الرماني؛ حققها وعلق عليها محمد خلف الله، محمد زغلول سلام |
| 260 ## - PUBLICATION, DISTRIBUTION, ETC. (IMPRINT) | |
| مكان الناشر او الموزع | القاهرة: |
| اسم الناشر او الموزع | دار المعارف ، [19??] |
| تاريخ النشر أو التوزيع | [19??] |
| 300 ## - الوصف المادى | |
| التعداد | 212 ص؛ |
| أبعاد الوعاء | 24 سم |
| 500 ## - تبصرة عامة | |
| تبصرة عامة | يشتمل على كشافات |
| 505 ## - تبصرة محتويات-الفهرس | |
| العنوان | بيان إعجاز القرآن / |
| بيان المسئولية | أبي سليمان حمد بن محمد بن إبراهيم الخطابي |
| 505 ## - تبصرة محتويات-الفهرس | |
| العنوان | النكت في إعجاز القرآن / |
| بيان المسئولية | أبي الحسن علي بن عيسى الرماني |
| 505 ## - تبصرة محتويات-الفهرس | |
| العنوان | الرسالة الشافية / |
| بيان المسئولية | أبي بكر عبد القاهر بن عبد الرحمن الجرجاني |
| 511 ## - | |
| -- | Catalogued by: Sara |
| 541 ## - تبصرة المصدر المباشر للتزويد | |
| مصدر التزويد | ألف باء ؛ |
| طريقة التزويد | شراء؛ |
| 650 ## - المدخل الاضافى بالموضوع-مصطلح موضوعى | |
| مصطلح موضوعي أو اسم جغرافي كعنصر مدخل | القرآن ، إعجاز |
| 9 (RLIN) | 8658 |
| 700 ## - المدخل الاضافى - اسم شخصى | |
| الإسم الشخصى | خلف الله،محمد |
| 9 (RLIN) | 17432 |
| 700 ## - المدخل الاضافى - اسم شخصى | |
| الإسم الشخصى | سلام،محمد زغلول |
| 9 (RLIN) | 17433 |
| 700 ## - المدخل الاضافى - اسم شخصى | |
| الإسم الشخصى | الجرجاني، عبد القاهر بن عبد الرحمن |
| 9 (RLIN) | 17440 |
| عنوان العمل | الرسالة الشافية |
| 700 ## - المدخل الاضافى - اسم شخصى | |
| الإسم الشخصى | الخطابي، حمد بن محمد بن إبراهيم |
| 9 (RLIN) | 17437 |
| عنوان العمل | بيان إعجاز القرآن |
| 700 ## - المدخل الاضافى - اسم شخصى | |
| الإسم الشخصى | الرماني ، علي بن عيسى |
| 9 (RLIN) | 22338 |
| عنوان العمل | النكت في إعجاز القرآن |
| 942 ## - عناصر المدخل الإضافي( كوها) | |
| Koha [default] item type | Book - Borrowing |
| سابقة رقم الطلب | 229.7ث ل ا |
| مصدر التصنيف او مخطط الترفيف | Dewey Decimal Classification |
| حالة التراجع | حالة الفقد | مصدر التصنيف او خطة الترفيف | حالة تلف | ليس للاعارة | مجموعات كوها | المكان الدائم | المكان الحالي | موقع الترفيف | تاريخ الاكتساب | Source of acquisition | رقم الاستدعاء | الباركود | Date last seen | نوع الوعاء |
|---|---|---|---|---|---|---|---|---|---|---|---|---|---|---|
| Dewey Decimal Classification | Central Library | Central Library | Lower Floor | 11/08/2010 | 229.7ث ل ا | 000006900 | 15/07/2025 | Book - Borrowing |